000
00261nam a2200097Ia 4500
008
230915s9999 xx 000 0 und d
050
_a
SB 123.3 .C76 1984
100
_a
HOLDEN J.H.W.
245
0
_a
CROP GENETIC RESOURCES:CONSERVATION AND EVALUATION
942
_c
BK
999
_c
201702
_d
201702